| 000 | 00369cam a22001337a 4500 | ||
|---|---|---|---|
| 008 | 180718b1988 xxu||||| |||| 00| 0 eng d | ||
| 082 | _aP3x54 Sh92 | ||
| 100 | _aShukla, P.D. | ||
| 245 |
_aThe new education policy in India _cby P.D. Shukla |
||
| 260 |
_aNew Delhi _bSterling _c1988 |
||
| 300 | _a157p. | ||
| 650 | _a(Written off) | ||
| 650 | _aEducation and state - India | ||
| 999 |
_c354624 _d354624 |
||